Beylik ve Osmanlı dönemi Kahramanmaraş çeşmeleri ve köprüleri / (Kayıt no. 9762)

MARC ayrıntıları
000 -BAŞLIK
Sabit Uzunluktaki Kontrol Alanı 00594nam a22001937a 4500
003 - KONTROL NUMARASI KİMLİĞİ
Kontrol Alanı KOHA_MİRAKIL
005 - EN SON İŞLEM TARİHİ ve ZAMANI
Kontrol Alanı 20251218104306.0
008 - SABİT UZUNLUKTAKİ VERİ ÖGELERİ - GENEL BİLGİ
Sabit Alan 251218b tu ||||| |||| 00| 0 tur d
020 ## - ISBN - ULUSLARARASI STANDART KİTAP NUMARASI
Isbn 9786054996049
040 ## - KATALOGLAMA KAYNAĞI
Özgün Kataloglama Kurumu TR-AnABB
Kataloglama Dili tur
Çeviri Kurumu TR-AnABB
041 ## - DİL KODU
Metin ya da ses kaydının dil kodu tur
082 ## - DEWEY ONU SINIFLAMA SİSTEMİ
Sınıflama Numarası 720.9561015
Cutter numarası BEY 2015
100 1# - KİŞİ ADI
Yazar Adı (Kişi adı) Adanır,Fatih,
245 10 - ESER ADI BİLDİRİMİ
Başlık Beylik ve Osmanlı dönemi Kahramanmaraş çeşmeleri ve köprüleri /
Sorumluluk Bildirimi Fatih Adanır
260 ## - YAYIN, DAĞITIM, VB.
Yayın Yeri Kahramanmaraş :
Yayınevi Kahramanmaraş Belediyesi,
Yayın Tarihi 2012
300 ## - FİZİKSEL TANIMLAMA
Sayfa, Cilt vb. 146 sayfa ;
Boyutları 23 cm
650 04 - KONU BAŞLIĞI EK GİRİŞ - KONU TERİMİ
Konusal terim veya coğrafi ad Osmanlı mimarisi
942 ## - EK GİRİŞ ÖGELERİ (KOHA)
Sınıflama Kaynağı Dewey Decimal Classification
Materyal Türü Kitap
900 ## - YEREL BİLGİ
Kontrol Gizem YORULMAZ
Mevcut
Geri Çekilme Durumu Kayıp Durumu Sınıflandırma Kaynağı Kredi için değil Kalıcı Konum Mevcut Konum Kayıt Tarih Toplam Ödünçverme Yer Numarası Demirbaş Numarası Son Görülme Tarihi Fatura Tarihi Materyal Türü
    Dewey Decimal Classification   Büyükşehir Genç Akademi Batıkent Büyükşehir Genç Akademi Batıkent 18/12/2025   720.9561015 BEY 2015 ABB126001 18/12/2025 18/12/2025 Kitap